La estructura de la acción social

Salvato in:
Dettagli Bibliografici
Autore principale: Parsons, Talcott (autor)
Natura: Libro
Lingua:spagnolo
Pubblicazione: Madrid Guadarrama 1968
Serie:Biblioteca de Ciencias Humanas, 6
Soggetti:
Tags: Aggiungi Tag
Nessun Tag, puoi essere il primo ad aggiungerne!!

MARC

LEADER 00000nam a2200000 a 4500
001 UCR3184
003 CL-VaPUC
005 20230317152206.0
008 980123e19680000SP |||||||||||||||||spa|d
999 |c 266281  |d 266279 
040 |c Pontificia Universidad Católica de Valparaíso 
082 0 4 |a 361.3  |b PAR  |2 21 
100 |a Parsons, Talcott  |e autor  |9 880793 
245 1 3 |a La estructura de la acción social 
260 |a Madrid  |b Guadarrama  |c 1968 
300 |a v 
490 0 |a Biblioteca de Ciencias Humanas, 6 
500 |a v.1 y v.2: Estudio de teoría social con referencia a un grupo de recientes escritores europeos  
583 |a last modification  |c 19980123 00:00:00  |k Rodrigo Vera 
650 0 |a Acción social  |9 307836 
650 0 |a Empirismo  |9 255037 
650 0 |a Positivismo  |9 269460 
650 0 |a Religión   |9 255164 
650 0 |a Epistemología   |9 264994 
650 0 |a Capitalismo  |9 255255 
650 7 |a CIENCIA SOCIAL  |2 CL-VaPUC  |9 348980 
650 7 |a CIENCIA NATURAL  |2 CL-VaPUC  |9 402038 
942 |c BK  |2 ddc 
945 |d 19980123 00:00:00  |a rleighto 
952 |0 0  |1 0  |4 0  |6 361_300000000000000_PAR_1968  |7 0  |8 A  |9 297709  |a BIBGIM  |b BIBGIM  |d 2019-11-20  |h v.1  |i 3379965  |o 361.3 PAR 1968  |p 3379965  |r 2025-01-15  |w 2019-11-20  |y BK  |k SSL 
952 |0 0  |1 0  |4 0  |6 361_300000000000000_PAR_1968  |7 0  |8 A  |9 297710  |a BIBGIM  |b BIBGIM  |d 2019-11-20  |h v.2  |i 3379973  |o 361.3 PAR 1968  |p 3379973  |r 2025-01-15  |w 2019-11-20  |y BK  |k SSL